La función del comunicador como actor en el ámbito teatral /

I tiakina i:
Ngā taipitopito rārangi puna kōrero
Kaituhi matua: Terrazas Aguilar, Eduardo (autor)
Hōputu: Tuhinga whakapae Pukapuka
Reo:Pāniora
I whakaputaina: Guadalajara, México : edición de autor, 1995
Ngā marau:
Ngā Tūtohu: Tāpirihia he Tūtohu
Kāore He Tūtohu, Me noho koe te mea tuatahi ki te tūtohu i tēnei pūkete!

MARC

LEADER 00000nam^a2200000^a^4500
001 000045961
005 20250521000000.0
009 20260310085955.86
037 |a Acervo ITESO - Biblioteca 
041 |a ESP 
090 |a CCO. 211 
100 |a Terrazas Aguilar, Eduardo  |e (autor) 
245 1 3 |a La función del comunicador como actor en el ámbito teatral /  |c E. Terrazas Aguilar. 
264 1 |a Guadalajara, México :  |b edición de autor,  |c 1995 
300 |a 69 p. 
336 |a texto  |b txt  |2 rdacontenido 
337 |a sin mediación  |b n  |2 rdamedio 
338 |a volumen  |b nc  |2 rdasoporte 
502 |a ITESO Reporte Profesional de Licenciatura en Ciencias de la Comunicación 
649 |a XX 
650 |a Actores 
650 |a Teatro -  |x Tema Principal 
650 |a Comunicación Grupal y Comunitaria 
910 |a Fondo General 
920 |a Impresos - Tesis del ITESO 
930 |a Colección General 
905 |a 104 
901 |a T029070100  |b IT2  |c TSS  |i 802907  |u 20250521 
902 |a https://opac.biblio.iteso.mx/vufind/Record/000045961